Bible 120 : (Record no. 8125)
[ view plain ]
| 000 -LEADER | |
|---|---|
| fixed length control field | 00498nam a22001932 4500 |
| 001 - CONTROL NUMBER | |
| control field | 0000011972 |
| 005 - DATE AND TIME OF LATEST TRANSACTION | |
| control field | 20151217152104.0 |
| 008 - FIXED-LENGTH DATA ELEMENTS--GENERAL INFORMATION | |
| fixed length control field | 090124s xxa 000 0 eng d |
| 020 ## - INTERNATIONAL STANDARD BOOK NUMBER | |
| Terms of availability | $ |
| 040 ## - CATALOGING SOURCE | |
| Original cataloging agency | Your Holding Symbol |
| Transcribing agency | Your Holding Symbol |
| 100 1# - MAIN ENTRY--PERSONAL NAME | |
| Personal name | Koros, William. |
| -- | 0000168098 |
| 245 10 - TITLE STATEMENT | |
| Title | Bible 120 : |
| Remainder of title | New Testament Survey. |
| 300 ## - PHYSICAL DESCRIPTION | |
| Extent | p. |
| 908 ## - PUT COMMAND PARAMETER (RLIN) | |
| Put command parameter | 090124 |
| 950 ## - LOCAL HOLDINGS (RLIN) | |
| -- | 1 |
| Withdrawn status | Lost status | Source of classification or shelving scheme | Not for loan | Home library | Current library | Date acquired | Total Checkouts | Barcode | Date last seen | Price effective from | Koha item type |
|---|---|---|---|---|---|---|---|---|---|---|---|
| Library of Congress Classification | Kabarak, Main Campus | Kabarak, Main Campus | 17/12/2015 | BIBL120A | 17/12/2015 | 17/12/2015 | General Collection | ||||
| Library of Congress Classification | Kabarak, Main Campus | Kabarak, Main Campus | 17/12/2015 | BIBL120B | 17/12/2015 | 17/12/2015 | General Collection |